000
00305nam a2200133Ia 4500
008
190216s9999||||xx |||||||||||||| ||und||
100
_a
Gupta S P
245
0
_a
Numerical Amalysis
250
_a
3rd Ed.
260
_b
Laxmi Publication Ltd
_c
1983
300
_a
189p
650
_a
Mathematics
942
_c
BK
999
_c
30797
_d
30797